<?xml version="1.0" encoding="UTF-8"?><?xml-stylesheet type="text/xsl" href="static/style.xsl"?><OAI-PMH xmlns="http://www.openarchives.org/OAI/2.0/" xmlns:xsi="http://www.w3.org/2001/XMLSchema-instance" xsi:schemaLocation="http://www.openarchives.org/OAI/2.0/ http://www.openarchives.org/OAI/2.0/OAI-PMH.xsd"><responseDate>2026-04-14T09:16:39Z</responseDate><request verb="GetRecord" identifier="oai:www.recercat.cat:20.500.12327/363" metadataPrefix="marc">https://recercat.cat/oai/request</request><GetRecord><record><header><identifier>oai:recercat.cat:20.500.12327/363</identifier><datestamp>2025-10-22T11:31:25Z</datestamp><setSpec>com_2072_4428</setSpec><setSpec>com_2072_4427</setSpec><setSpec>col_2072_487898</setSpec></header><metadata><record xmlns="http://www.loc.gov/MARC21/slim" xmlns:dcterms="http://purl.org/dc/terms/" xmlns:xsi="http://www.w3.org/2001/XMLSchema-instance" xmlns:doc="http://www.lyncode.com/xoai" xsi:schemaLocation="http://www.loc.gov/MARC21/slim http://www.loc.gov/standards/marcxml/schema/MARC21slim.xsd">
   <leader>00925njm 22002777a 4500</leader>
   <datafield ind2=" " ind1=" " tag="042">
      <subfield code="a">dc</subfield>
   </datafield>
   <datafield ind2=" " ind1=" " tag="720">
      <subfield code="a">Aparicio, Yahana</subfield>
      <subfield code="e">author</subfield>
   </datafield>
   <datafield ind2=" " ind1=" " tag="720">
      <subfield code="a">Gabarra, Rosa</subfield>
      <subfield code="e">author</subfield>
   </datafield>
   <datafield ind2=" " ind1=" " tag="720">
      <subfield code="a">Riudavets, Jordi</subfield>
      <subfield code="e">author</subfield>
   </datafield>
   <datafield ind2=" " ind1=" " tag="720">
      <subfield code="a">Starý, Petr</subfield>
      <subfield code="e">author</subfield>
   </datafield>
   <datafield ind2=" " ind1=" " tag="720">
      <subfield code="a">Tomanovic, Zeljko</subfield>
      <subfield code="e">author</subfield>
   </datafield>
   <datafield ind2=" " ind1=" " tag="720">
      <subfield code="a">Kocic, Korana</subfield>
      <subfield code="e">author</subfield>
   </datafield>
   <datafield ind2=" " ind1=" " tag="720">
      <subfield code="a">Pujade Villar, Juli</subfield>
      <subfield code="e">author</subfield>
   </datafield>
   <datafield ind2=" " ind1=" " tag="720">
      <subfield code="a">Ferrer Suay, Mar</subfield>
      <subfield code="e">author</subfield>
   </datafield>
   <datafield ind2=" " ind1=" " tag="720">
      <subfield code="a">Cuesta Porta, Victor</subfield>
      <subfield code="e">author</subfield>
   </datafield>
   <datafield ind2=" " ind1=" " tag="720">
      <subfield code="a">Arnó, Judit</subfield>
      <subfield code="e">author</subfield>
   </datafield>
   <datafield ind2=" " ind1=" " tag="260">
      <subfield code="c">2019-04-16</subfield>
   </datafield>
   <datafield ind2=" " ind1=" " tag="520">
      <subfield code="a">Aphids are a serious pest for peach crops. They have traditionally been managed with&#xd;
insecticides, but there is increasing concern about the risk that insecticides pose to both humans&#xd;
and the environment. As a first step to use biological control in aphid management, we conducted&#xd;
a 3-year field survey in northeastern Spain to determine which parasitoids and hyperparasitoids&#xd;
were most prevalent on two aphids, Myzus persicae (Sulzer) and Hyalopterus spp. Koch, the most&#xd;
harmful to peach trees. We collected 11 parasitoid species from M. persicae, with Aphidius matricariae&#xd;
(Haliday) being the most abundant. Two parasitoid species were also collected from Hyalopterus spp.,&#xd;
Aphidius transcaspicus Telenga and Praon volucre (Haliday). Hyperparasitoid species overlapped&#xd;
between these aphids but their relative abundances differed. We also discuss the possible impacts&#xd;
of hyperparasitoids on parasitoid populations. Our results suggest that it would be feasible to&#xd;
implement biocontrol methods for aphids in integrated pest management programmes in peach&#xd;
orchards. There are a number of primary parasitoid species associated with these aphids, and the&#xd;
nearby crops and wild vegetation in the vicinity and within the orchards may provide a suitable&#xd;
habitat for them. Additionally, some of them are commercially available and might be usable in&#xd;
augmentative releases</subfield>
   </datafield>
   <datafield ind1="8" ind2=" " tag="024">
      <subfield code="a">Aparicio, Yahana, Rosa Gabarra, Jordi Riudavets, Petr Starý, Željko Tomanović, Korana Kocić, Juli Pujade Villar, Mar Ferrer Suay, Victor Cuesta Porta, and Judit Arnó. 2019. "Hymenoptera Complex Associated With Myzus Persicae And Hyalopterus Spp. In Peach Orchards In Northeastern Spain And Prospects For Biological Control Of Aphids". Insects 10 (4): 109. MDPI AG. doi:10.3390/insects10040109.</subfield>
   </datafield>
   <datafield ind1="8" ind2=" " tag="024">
      <subfield code="a">2075-4450</subfield>
   </datafield>
   <datafield ind1="8" ind2=" " tag="024">
      <subfield code="a">http://hdl.handle.net/20.500.12327/363</subfield>
   </datafield>
   <datafield ind1="8" ind2=" " tag="024">
      <subfield code="a">https://doi.org/10.3390/insects10040109</subfield>
   </datafield>
   <datafield ind2="0" ind1="0" tag="245">
      <subfield code="a">Hymenoptera Complex Associated with Myzus persicae and Hyalopterus spp. in Peach Orchards in Northeastern Spain and Prospects for Biological Control of Aphids</subfield>
   </datafield>
</record></metadata></record></GetRecord></OAI-PMH>